All TNA World Heavyweight Champions - Statistics

General Stats
  • This quiz has been taken 112 times
    78 since last reset
  • The average score is 34 of 48
Answer Stats
Hint Answer % Correct
No Surrender 2009 AJ Styles
94%
Bound for Glory 2013 AJ Styles
94%
Sacrifice 2007 Kurt Angle
94%
Slammiversary 2007 Kurt Angle
94%
Impact Kurt Angle
94%
Slammiversary 2009 Kurt Angle
94%
Hardcore Justice 2011 Kurt Angle
94%
Impact Kurt Angle
94%
Lockdown 2008 Samoa Joe
93%
Bound for Glory 2007 Sting
93%
Bound for Glory 2008 Sting
93%
Impact Sting
93%
Impact Sting
93%
Bound for Glory 2010 Jeff Hardy
87%
Against All Odds 2011 Jeff Hardy
87%
Bound for Glory 2012 Jeff Hardy
87%
Bound for Glory 2015 Matt Hardy
85%
Impact Matt Hardy
85%
Impact Bobby Roode
81%
Impact Bobby Roode
81%
Destinantion X 2012 Austin Aries
72%
Impact Austin Aries
72%
Impact James Storm
72%
Lockdown 2013 Bully Ray
70%
Hardcore Justice 2013 Bully Ray
70%
Genesis 2011 Mr. Anderson
70%
Slammiversary 2011 Mr. Anderson
70%
Impact Lashley
69%
Impact Lashley
69%
Slammiversary 2016 Lashley
69%
Genesis 2017 Lashley
69%
Impact Eric Young
65%
Impact Ethan Carter III
63%
Impact Ethan Carter III
63%
Destinantion X 2013 Chris Sabin
57%
Final Resolution 2013 Magnus
57%
Impact Rob Van Dam
57%
Lockdown 2009 Mick Foley
54%
Impact Drew Galloway
50%
Bound For Glory 2018 Johnny Impact
50%
Impact Eddie Edwards
48%
Slammiversary 2017 Alberto El Patron
43%
Impact Eli Drake
43%
Impact Vacant
30%
Impact Vacant
30%
Impact Vacant
30%
Impact Vacant
30%
Impact Vacant
30%
No matching quizzes found
Score Distribution
Percent of People with Each Score
Percentile by Number Answered
Your Score History
You have not taken this quiz since the last reset